| 000 | 00526nam a2200193Ia 4500 | ||
|---|---|---|---|
| 005 | 20250522104206.0 | ||
| 008 | 008 250516s9999 xx 000 0 eng d | ||
| 020 | _a9780143469131 | ||
| 040 |
_aSDCL _beng _cSDCL |
||
| 041 |
_aeng _2eng |
||
| 084 |
_aO-,3RIT, R4 LR _qSDCL |
||
| 100 |
_aSingh, Rithvik _9754883 |
||
| 245 | 0 |
_aI Don't Love you Anymore : _bMoving on and Living Your Best Life |
|
| 260 |
_aGurugram: _bPenguin, _c2024. |
||
| 300 | _a173p. | ||
| 365 |
_aINR _b299 |
||
| 650 | _aReference | ||
| 942 | _cTEXL | ||
| 999 |
_c1429485 _d1429485 |
||